| 000 | 01018nam a2200217 i 4500 | ||
|---|---|---|---|
| 001 | 187939 | ||
| 003 | ES-MaACL | ||
| 005 | 20250815112606.0 | ||
| 008 | 180327s1927 sp |||| | spa d | ||
| 100 | 1 |
_aRodríguez Carracido, José, _d1856-1928 _998407 |
|
| 245 | 1 | 3 |
_aLa formación de la materia viva _b: conferencia pronunciada el día 12 de noviembre de 1926 / _cJosé R. Carracido. |
| 260 |
_aMadrid : _b[s.n.], _c1927 ( _fBlass) |
||
| 300 |
_a15 p. ; _c23 cm. |
||
| 490 | 1 |
_aConferencias dadas en el Centro de Intercambio Intelectual Germano-Español. Segunda serie ; _v1 |
|
| 650 | 0 | 7 |
_aBioquímica _2embne _9136796 |
| 650 | 7 |
_aVida (Biología) _2embne _9136981 |
|
| 710 | 2 |
_aCentro de Intercambio Intelectual Germano-Español _9170812 |
|
| 830 | 1 | 0 |
_aConferencias dadas en el Centro de Intercambio Intelectual Germano-Español. _pSegunda serie _v1 _9192934 |
| 852 |
_aES-MaACL _jC-8111(32) _z- Donat. del Centro de Intercambio Intelectual Germano-Español (Madrid) |
||
| 999 |
_c187939 _d187939 |
||